000
00301nam a2200133Ia 4500
100
_a
Peatfield/A.E
942
_c
BK
654
_a
Engineering T.Y.S
245
_a
Mechanical Engineering T.Y.S
260
_b
English Universities
_a
London
_c
1967
082
_a
670.4
300
_a
185
546
_a
ENGLISH
999
_c
27712
_d
27712